000 00344 a2200121 4500
001 ART_43592
005 20260410162024.0
008 260409a
245 1 0 _aHow late to pay?
100 1 _aEarle, John S.
700 1 _aSabirianova, Klara Z.
773 0 _tJournal of labor economics
_g- Vol. 20, NÂș 3 (jul. 2002)
_wREV43438
999 _c33412
_d33412